Návrh na zlepšenie systému hodnotenia zamestnancov v podmienkach MIKROTECH, s.r.o.

Uložené v:
Podrobná bibliografia
Hlavný autor: Lišaník, František (Autor)
Ďalší autori: Koltnerová, Kristína (Vedúci práce)
Médium: Rukopis Kniha
Jazyk:Slovak
Vydavateľské údaje: 2017
Predmet:
On-line prístup:http://is.stuba.sk/zp/portal_zp.pl?podrobnosti=129938
Tagy: Pridať tag
Žiadne tagy, Buďte prvý, kto otaguje tento záznam!

MARC

LEADER 00000ntm a22000003a 4500
001 stuzp62498
003 SK-STU
005 20170603210408.1
007 ta
008 150427s2015----xo-----f-mn---000-0-slo-d
040 |a STU  |b slo 
041 0 |a slo 
100 1 |a Lišaník, František  |u 064000  |k Z4  |4 aut  |U MTF Materiálovotechnologická fakulta  |T MTF Ústav priemyselného inžinierstva a manažmentu  |X 47036  |U M4000  |Y 84  |7 47036 
242 0 1 |a Design the project to help improve the system of the assessment of employees in Mikrotech s r.o. company  |y eng 
245 1 0 |a Návrh na zlepšenie systému hodnotenia zamestnancov v podmienkach MIKROTECH, s.r.o. 
260 |c 2017 
650 4 |a hodnotenia zamestnancov  |2 slo 
650 4 |a metódy hodnotenia  |2 slo 
650 4 |a kritéria hodnotenia  |2 slo 
650 4 |a hodnotiteľ  |2 slo 
650 4 |a hodnotený  |2 slo 
650 4 |a assessment of employees  |2 eng 
650 4 |a the assessment methods  |2 eng 
650 4 |a assessment criteria  |2 eng 
650 4 |a assessor  |2 eng 
650 4 |a assessed  |2 eng 
700 1 |a Koltnerová, Kristína  |u 064000  |k Z1  |4 ths  |U MTF Materiálovotechnologická fakulta  |T MTF Ústav priemyselného inžinierstva a manažmentu  |X 32947  |U M4000  |Y 84  |7 A000032947 
856 4 |u http://is.stuba.sk/zp/portal_zp.pl?podrobnosti=129938 
996 |c M* DP-13253  |l MMSKP  |s P  |a 0  |w stuzp62498_0001